Contemporary Indian english verse : (Record no. 128433)
[ view plain ]
| 000 -LEADER | |
|---|---|
| fixed length control field | 00769nam a22002297a 4500 |
| 005 - DATE AND TIME OF LATEST TRANSACTION | |
| control field | 20170124110039.0 |
| 010 ## - LIBRARY OF CONGRESS CONTROL NUMBER | |
| LC control number | A-002680 |
| 020 ## - INTERNATIONAL STANDARD BOOK NUMBER | |
| Terms of availability | 00.00 |
| 035 ## - SYSTEM CONTROL NUMBER | |
| System control number | A-002680 |
| 037 ## - SOURCE OF ACQUISITION | |
| Source of stock number/acquisition | Cen Lib/Ret |
| 040 ## - CATALOGING SOURCE | |
| Original cataloging agency | DPL |
| Language of cataloging | EN |
| 082 ## - DEWEY DECIMAL CLASSIFICATION NUMBER | |
| Classification number | 881.08 |
| Item number | CON |
| 245 ## - TITLE STATEMENT | |
| Title | Contemporary Indian english verse : |
| Statement of responsibility, etc | edited by Chirantan Kulshrestha |
| Remainder of title | an evaluation / |
| 260 ## - PUBLICATION, DISTRIBUTION, ETC. (IMPRINT) | |
| Place of publication, distribution, etc | New Delhi |
| Name of publisher, distributor, etc | Arnold-Heinemann Publishers |
| Date of publication, distribution, etc | 1980 |
| 270 ## - ADDRESS | |
| Address | AB/9, Safdarjung Enclave |
| City | New Delhi |
| Postal code | 110029 |
| 300 ## - PHYSICAL DESCRIPTION | |
| Extent | 314p. |
| Dimensions | 20cm(Hb) |
| 500 ## - GENERAL NOTE | |
| General note | Includes bibliographical references |
| 650 ## - SUBJECT ADDED ENTRY--TOPICAL TERM | |
| Topical term or geographic name as entry element | Indic poetry (English) -- History and criticism |
| 9 (RLIN) | 23387 |
| 650 ## - SUBJECT ADDED ENTRY--TOPICAL TERM | |
| Topical term or geographic name as entry element | Indic poetry (English) |
| 9 (RLIN) | 83098 |
| 700 ## - ADDED ENTRY--PERSONAL NAME | |
| Personal name | Kulshrestha, Chirantan |
| 9 (RLIN) | 23389 |
| 942 ## - ADDED ENTRY ELEMENTS (KOHA) | |
| Source of classification or shelving scheme | Dewey Decimal Classification |
| Koha item type | English Books |
| Classification part | 881.08 |
| Call number suffix | CON |
| Withdrawn status | Lost status | Damaged status | Not for loan | Home library | Current library | Date acquired | Source of acquisition | Cost, normal purchase price | Total Checkouts | Full call number | Barcode | Date last seen | Copy number | Cost, replacement price | Price effective from | Koha item type | Public note |
|---|---|---|---|---|---|---|---|---|---|---|---|---|---|---|---|---|---|
| Written off | Central Library | Central Library | 02/07/2015 | Cen Lib/Ret | 0.00 | 881.08 CON | A-002680 | 02/07/2015 | 1 | 0.00 | 02/07/2015 | English Books | W/d List No. 8132/15; dtd 20.2.2017 |
